Principles of highway engineering and traffic analysis / (Record no. 554167)

000 -LEADER
fixed length control field 01250cam a2200229 a 4500
020 ## - INTERNATIONAL STANDARD BOOK NUMBER
International Standard Book Number 9781118120149 (hbk. : alk. paper)
082 00 - DEWEY DECIMAL CLASSIFICATION NUMBER
Classification number 625.7
Author Mark MAN
100 1# - MAIN ENTRY--PERSONAL NAME
Personal name Mannering, Fred L.
9 (RLIN) 38445
245 10 - TITLE STATEMENT
Title Principles of highway engineering and traffic analysis /
Statement of responsibility, etc. Fred L. Mannering, Scott S. Washburn.
250 ## - EDITION STATEMENT
Edition statement 5th ed.
260 ## - PUBLICATION, DISTRIBUTION, ETC.
Place of publication, distribution, etc. Hoboken, NJ :
Name of publisher, distributor, etc. Wiley,
Date of publication, distribution, etc. c2013.
300 ## - PHYSICAL DESCRIPTION
Extent xii, 336 p. :
Other physical details ill. ;
Dimensions 27 cm.
500 ## - GENERAL NOTE
General note Includes index.
520 ## - SUMMARY, ETC.
Summary, etc. "The 5th edition of the Mannering's Principles of Highway Engineering and Traffic Analysis continues to offer a concise approach that covers all the necessary fundamental concepts. New features in this edition include updates and more consistency with the latest edition of the Highway Capacity Manual (HCM); the inclusion of sample FE exam questions, call-out of common mistakes; and added coverage on a qualitative description of the mechanistic approach"--
526 ## - STUDY PROGRAM INFORMATION NOTE
Program name 0
Interest level 0
Reading level 0
Title point value 625_700000000000000_MAN
650 #0 - SUBJECT ADDED ENTRY--TOPICAL TERM
Topical term or geographic name entry element Highway engineering.
650 #0 - SUBJECT ADDED ENTRY--TOPICAL TERM
Topical term or geographic name entry element Traffic engineering.
650 #7 - SUBJECT ADDED ENTRY--TOPICAL TERM
Topical term or geographic name entry element TECHNOLOGY & ENGINEERING / Civil / General.
9 (RLIN) 6298
700 1# - ADDED ENTRY--PERSONAL NAME
Personal name Washburn, Scott S.
9 (RLIN) 51485
856 42 - ELECTRONIC LOCATION AND ACCESS
Uniform Resource Identifier <a href="http://catalogimages.wiley.com/images/db/jimages/9781118120149.jpg">http://catalogimages.wiley.com/images/db/jimages/9781118120149.jpg</a>
942 ## - ADDED ENTRY ELEMENTS (KOHA)
Source of classification or shelving scheme
Koha item type Book
Holdings
Withdrawn status Lost status Source of classification or shelving scheme Damaged status Not for loan Permanent Location Current Location Date acquired Total Checkouts Total Renewals Full call number Barcode Date last seen Date last checked out Price effective from Koha item type
          Military College of Engineering (MCE) Military College of Engineering (MCE) 11/29/2018 3 2 625.7 MAN MCE-45757 01/30/2020 12/05/2019 11/29/2018 Book
© 2023 Central Library, National University of Sciences and Technology. All Rights Reserved.